Statistics for Top 50 Highest Grossing Films

Click here to take the quiz!

General Stats

  • This quiz has been taken 36 times
  • The average score is 14 of 50

Answer Stats

RankYearFilm% Correct
12009Avatar
100%
82012The Avengers
91%
31997Titanic
76%
22019Avengers: Endgame
58%
52018Avengers Infinity War
58%
472008The Dark Knight
55%
162013Frozen
48%
401993Jurassic Park
48%
242003The Lord of the Rings: The Return of the King
45%
112015Avengers: Age of Ultron
42%
122018Black Panther
42%
202013Iron Man 3
39%
342010Toy Story 3
39%
262019Captain Marvel
36%
252019Spider-Man: Far From Home
36%
302012The Dark Knight Rises
36%
501994The Lion King
36%
72019The Lion King
36%
222016Captain America: Civil War
33%
62015Jurassic World
33%
42015Star Wars: The Force Awakens
30%
142017Star Wars: The Last Jedi
27%
332019Toy Story 4
27%
232018Aquaman
21%
282012Skyfall
21%
172017Beauty and the Beast
18%
412016Finding Dory
18%
132011Harry Potter and the Deathly Hallows - Part 2
18%
322019Star Wars: The Rise of Skywalker
18%
372019Aladdin
15%
492013Despicable Me 2
15%
102019Frozen II
15%
182018Incredibles 2
15%
442016Zootopia
15%
392017Despicable Me 3
12%
312019Joker
12%
152018Jurassic World: Fallen Kingdom
12%
212015Minions
12%
432010Alice in Wonderland
9%
352006Pirates of the Caribbean: Dead Man's Chest
9%
421999Star Wars: Episode I - The Phantom Menace
9%
452012The Hobbit: An Unexpected Journey
9%
92015Furious 7
6%
482010Harry Potter and the Deathly Hallows - Part 1
6%
462001Harry Potter and the Philosopher's Stone
6%
382011Pirates of the Caribbean: On Stranger Tides
6%
362016Rogue One: A Star Wars Story
6%
192017The Fate of the Furious
3%
292014Transformers: age of Extinction
3%
272011Transformers: Dark of the Moon
3%

Score Distribution

Percentile by Number Answered

Percent of People with Each Score

Your Score History

You have not taken this quiz